Γεωγραφία : Ε' Δημοτικού
Αποθηκεύτηκε σε:
| Κύριος συγγραφέας: | |
|---|---|
| Άλλοι συγγραφείς: | , |
| Μορφή: | Βιβλίο |
| Γλώσσα: | Greek |
| Δημοσίευση: |
Αθήνα :
Ελληνικά Γράμματα,
2007.
|
| Σειρά: | Ελληνική εκπαίδευση. Δημοτικό (Ελληνικά Γράμματα)
|
| Θέματα: | |
| Ετικέτες: |
Προσθήκη ετικέτας
Δεν υπάρχουν, Καταχωρήστε ετικέτα πρώτοι!
|
MARC
| LEADER | 00000cam a2200000 i 4500 | ||
|---|---|---|---|
| 001 | 1/3320 | ||
| 008 | 100118s2007 gr | ||| |||| ||gre|| | ||
| 020 | |a 9789604429950 | ||
| 035 | |l 10106334 | ||
| 040 | |a GR-MY-UA |b gre |e aacr | ||
| 041 | 0 | |a gre | |
| 082 | 7 | |a 372.891 |2 (22) | |
| 100 | 1 | |a Παξινός, Θρασύβουλος. | |
| 245 | 1 | 0 | |a Γεωγραφία : |b Ε' Δημοτικού / |c Θρασύβουλος Παξινός - Κώστας Ραπτόπουλος - Μιχάλης Σκαλοχωρίτης ; [επιμέλεια έκδοσης: Σίνος Γκιώκας]. |
| 260 | |a Αθήνα : |b Ελληνικά Γράμματα, |c 2007. | ||
| 300 | |a 287 σ. : |b εικ. ; |c 26 εκ.+ |e 1 ένθετο (78 σ.). | ||
| 490 | 1 | |a (Ελληνική Εκπαίδευση. Δημοτικό / Ελληνικά Γράμματα) | |
| 650 | 0 | 0 | |a Geography |x Study and teaching (Elementary) |z Greece. |
| 700 | 1 | |a Ραπτόπουλος, Κώστας Σ. | |
| 700 | 1 | |a Σκαλοχωρίτης, Μιχάλης. | |
| 830 | 0 | |a Ελληνική εκπαίδευση. |p Δημοτικό (Ελληνικά Γράμματα) | |
| 852 | |a INST |b RHODES |e 20100118 |h 372.891 ΠΑΞ |p 005400032315 |q 005400032315 |t BK |y 0 | ||
| 852 | |a INST |b RHODES |e 20100118 |h 372.891 ΠΑΞ |p 005400032316 |q 005400032316 |t BK |y 0 | ||
| 901 | |a BIBL4-2010-1 | ||
| 909 | |a Ρ |b 159548 | ||
| 909 | |a Ρ |b 159549 | ||
| 970 | |a ΚΟΖΑ |b ΜΑΡΙΑ |z 2010/01/18 | ||